Introduction to intersectional qualitative research (Record no. 395373)

MARC details
000 -LEADER
fixed length control field 00533 a2200193 4500
005 - DATE & TIME
control field 20260129104510.0
008 - FIXED-LENGTH DATA ELEMENTS--GENERAL INFORMATION
fixed length control field 260128b |||||||| |||| 00| 0 eng d
020 ## - ISBN
International Standard Book Number 9781544348520
Price $ 116.00
040 ## - CATALOGING SOURCE
Original cataloging agency VIVEKANANDA LIBRARY
082 ## - DDC NUMBER
Classification number 300.721
Book Number E65I
100 ## - MAIN ENTRY--PERSONAL NAME
Personal name Esposito, Jennifer
245 ## - TITLE STATEMENT
Title Introduction to intersectional qualitative research
260 ## - PUBLICATION, DISTRIBUTION, ETC. (IMPRINT)
Name of publisher, distributor, etc Sage
Date of publication, distribution, etc 2022
Place of publication, distribution, etc London
650 ## - Subject
Subject Social Science
650 ## - Subject
Subject Research Methods
650 ## - Subject
Subject Qualitative Research
700 ## - Added Entry Personal Name
Added Entry Personal Name Evans - Winters, Venus
942 ## - ADDED ENTRY ELEMENTS (KOHA)
Koha item type Books
Holdings
Withdrawn status Lost status Source of classification or shelving scheme Damaged status Not for loan Location (home branch) Sublocation or collection (holding branch) Shelving location Date acquired Koha issues (times borrowed) Koha full call number Accession No. Koha date last seen Koha item type
    Dewey Decimal Classification     VIVEKANANDA LIBRARY VIVEKANANDA LIBRARY Vivekananda Library 22/12/2025   300.721 E65I 443767 22/12/2025 Books
© Designed and Maintained by Vivekananda Library, MDU Rohtak